Sueños e identidades una aportación al debate sobre cultura y desarrollo en Europa (Registro nro. 91570)

Detalles MARC
000 -ENCABEZADO
Número de control [NR] 00758nam a22002177a 4500
008 - DE LONGITUD FIJA DE DATOS DE ELEMENTOS - INFORMACIÓN GENERAL
Elementos de longitud fija [NR] 130821s1999 sp gr spa
020 ## - NUMERO INTERNACIONAL NORMALIZADO PARA LIBROS [R]
Número Internacional Normalizado del libro [NR] 8483072165
040 ## - FUENTE DE CATALOGACION [NR]
Agencia de catalogación original [NR] Co-BoUCM
Idioma de catalogación [NR] spa
041 00 - CODIGO DE IDIOMA [R]
Código de idioma para texto/pista de sonido o título separado [R] Español
245 00 - MENCION DE TITULO [NR]
Título [NR] Sueños e identidades una aportación al debate sobre cultura y desarrollo en Europa
Mención de responsabilidad, etc. [NR] María Belmonte Barrenetxea, traducción.
260 ## - PUBLICACION, DISTRIBUCION, ETC. (PIE DE IMPRENTA) [R]
Lugar de publicación, distribución, etc. [R] Barcelona (España)
Nombre del editor, distribuidor, etc. [R] Península Interarts
Fecha de publicación, distribución, etc. [R] 1999
300 ## - DESCRIPCION FISICA [R]
Extensión [R] [395 páginas]
490 #0 - MENCION DE SERIE [R]
Mención de serie [R] Colección El Observatorio
500 ## - NOTA GENERAL [R]
Nota general [NR] Material fotocopiado.
650 04 - ASIENTO SECUNDARIO DE MATERIA - TERMINO TEMATICO [R]
Término temático o nombre geográfico como elemento de entrada [NR] Cultura
9 (RLIN) 12390
650 04 - ASIENTO SECUNDARIO DE MATERIA - TERMINO TEMATICO [R]
Término temático o nombre geográfico como elemento de entrada [NR] Cultura
Subdivisión geográfica [R] Europa
9 (RLIN) 150
650 04 - ASIENTO SECUNDARIO DE MATERIA - TERMINO TEMATICO [R]
Término temático o nombre geográfico como elemento de entrada [NR] Política cultural
Subdivisión geográfica [R] Europa
9 (RLIN) 21936
765 ## - ASIENTO DE IDIOMA ORIGINAL [R]
Título [NR] In from the margins
942 ## - ELEMENTOS DE ENTRADA AGREGADOS (KOHA)
Tipo de ítem principal el descrito en 300a Libro
Sistema de clasificación DEWEY
Tema principal Sociología
Edición 1
Clasificación 306.2
Parte restante de la signatura top. S944
Título oculto en OPAC No
Existencias
Fecha de último préstamo Total préstamos Signatura topográfica Código de barras Última vez visto Ejemplar Price effective from Tipo de ítem Perdido Sistema de clasificación Dañado No prestable Tipo de ítem específico Suprimido Ubicación habitual Ubicación actual Localización Fecha de creación Forma de adquisición Costo
08/09/2010   306.2 S944 100069677 09/12/2025 Ej.1 03/02/2013 Libro   DEWEY     Libro   Claustro Claustro 2do piso 28/02/2004 Donación 26000.00